La réponse est de plus en plus longue - Histoire - Statistiques

Statistiques générales
  • Ce quiz a été pris 2 480 fois
  • Le résultat moyen est 12 sur 20
Statistiques - réponses
Indice Lettres Réponse % Correct
En 1792, le dollar devient la monnaie officielle américaine. Quelle lettre barrée est le symbole de cette devise ? 1 S
99%
Contrairement à ce que l'on dit, ce roi n'a pas inventé l'école. 11 Charlemagne
87%
Deux présidents américains ont porté ce nom : Théodore et Franklin. 9 Roosevelt
83%
Terme allemand utilisé à partir de 1934 pour désigner Adolf Hitler. 6 Führer
82%
Sa culotte était vraisemblablement à l'endroit, mais c'est une chanson populaire affirmant le contraire qui l'a fait passer à la postérité. 8 Dagobert
80%
Institution dont le traité de Maastricht est le texte fondateur. 15 Union européenne
76%
Il a engagé son pays dans la glasnost et la perestroïka. 10 Mikhaïl {Gorbatchev}
66%
Monarque européen de la maison des Habsbourg, et grand rival de François Ier. 5 Charles {Quint}
65%
Dernière dynastie descendante des Capétiens à avoir régné sur la France ; cette dynastie a d'ailleurs donné son nom au palais où siège l'Assemblée nationale. 7 Bourbon
64%
Avec John Adams et John Quincy Adams, c'est la seule famille à avoir eu un père et son fils comme président des États-Unis. 4 Bush
64%
Nom de naissance de Molière. 20 Jean-Baptiste Poquelin
64%
En revanche, il est bien issu de cette dynastie franque dont le premier, Charles Martel, était son grand-père. 12 Carolingiens
61%
Célèbre phrase employée par René Descartes dans son Discours de la méthode en 1637. 17 « Je pense, donc je suis »
58%
Rédactrice de la Déclaration des droits de la femme et de la citoyenne en 1791. 14 Olympe de Gouges
49%
Et ce même roi, une fois couronné empereur, à fait de cette ville sa capitale. 13 Aix-la-Chapelle
46%
Maîtresse de Zeus, que celui-ci transforma en génisse blanche pour échapper à Héra. 2 Io
41%
Locution latine qui figure sur les armoiries de Paris et qui signifie : « Il est battu par les flots, mais ne sombre pas. » 19 Fluctuat Nec Mergitur
35%
Victoire napoléonienne sur l'Autriche en 1805. 3 Bataille d'{Ulm}
19%
Mot qualifiant les statues faites d'or et d'ivoire, une technique de sculpture apparue en Grèce au VIe siècle av. J.-C. 16 Chryséléphantine
14%
Général Strasbourgeois qui s'est illustré pendant les guerres de Vendée et la campagne d'Égypte. Il est mort assassiné au Caire en 1800. 18 Jean-Baptiste Kléber
7%
Aucun quiz correspondant
Distribution des résultats
% des personnes avec chaque résultat
Percentile par nombre de réponses
Votre historique - résultats
Vous n’avez pas pris ce quiz